Online Catalogue and eLibrary

Pruthuvikaranaya saha hejamaniye nawa swarupaya (Record no. 2092)

MARC details
000 -LEADER
fixed length control field 00426nam a2200157Ia 4500
005 - DATE AND TIME OF LATEST TRANSACTION
control field 20250613035055.0
008 - FIXED-LENGTH DATA ELEMENTS--GENERAL INFORMATION
fixed length control field 240331s9999 xx 000 0 und d
020 ## - INTERNATIONAL STANDARD BOOK NUMBER
ISBN 9559668005
082 ## - DDC Classification
Item Number - Author Mark GUN
Class No. 306
100 ## - MAIN ENTRY--PERSONAL NAME
Personal name Gunarathna, D.K
245 #0 - TITLE STATEMENT
Title Pruthuvikaranaya saha hejamaniye nawa swarupaya
260 ## - PUBLICATION, DISTRIBUTION, ETC.
Place of publication, distribution, etc. Panadura
Name of publisher, distributor, etc. X Group
Date of publication, distribution, etc. 1999
300 ## - PHYSICAL DESCRIPTION
Extent (e.g. Volumes, Pages etc.) 132 p .,
500 ## - GENERAL NOTE
General note A book on Globalization : forms of Hegemony
942 ## - Koha item type (Biblio)
Koha item type Books in Stacks (Lending)
Holdings
Lost status Damaged status Collection code Home library Current library Shelving location Date acquired Full call number Accession Number Item type
    Lending WERC Library WERC Library Social Science Cupboard 03/31/2024 306 GUN 5462 Books in Stacks (Lending)

© WERC Library